| 000 | 00859nam a2200217 a 4500 | ||
|---|---|---|---|
| 001 | BRCA_1438 | ||
| 005 | 20190320203428.0 | ||
| 008 | 970402s1996 mx-a---###---#000-0#spa-d | ||
| 041 | _aspa | ||
| 050 | 4 |
_aNK844 _b.M49 1996 |
|
| 245 | 1 | 0 |
_aMéxico pictórico y artesano _barte contemporáneo : arte popular mexicano. |
| 260 |
_aPuebla _bMuseo Amparo _c1997 |
||
| 300 |
_a84 p. _bil. (algunas a color) _c25 cm. |
||
| 500 | _aCatálogo de la exposición realizada en Hacienda de Puebla Zaragoza (Puebla), 28 febrero - 2 junio, 1997 | ||
| 500 | _aIncluye índice de láminas | ||
| 650 | 1 | 4 |
_aPintura mexicana _vExposiciones _93668 |
| 650 | 1 | 4 |
_aPintura moderna _vExposiciones _ySiglo XX _zMéxico _92098 |
| 650 | 1 | 4 |
_aArte popular _vExposiciones _xHistoria _ySiglo XX _zMéxico _94706 |
| 700 | 1 |
_aMuseo de Historia Mexicana (Monterrey, México) _94707 |
|
| 942 |
_2lcc _cB |
||
| 999 |
_c1300 _d1300 |
||